<?xml version="1.0" encoding="UTF-8"?>
<collection xmlns="http://www.loc.gov/MARC21/slim">
  <record>
    <leader>00000nam  2200000   4500</leader>
    <datafield tag="247" ind1="#" ind2="#">
      <subfield code="a"/>
    </datafield>
    <controlfield tag="Wor">$a 1</controlfield>
    <datafield tag="856" ind1="#" ind2="#">
      <subfield code="a"/>
    </datafield>
    <datafield tag="700" ind1=" " ind2="#">
      <subfield code="a">Dwight Harsbarger</subfield>
    </datafield>
    <datafield tag="650" ind1=" " ind2="#">
      <subfield code="a">Kesejahteraan Sosial</subfield>
    </datafield>
    <datafield tag="520" ind1=" " ind2="#">
      <subfield code="a"/>
    </datafield>
    <datafield tag="321" ind1="#" ind2="#">
      <subfield code="a"/>
    </datafield>
    <datafield tag="310" ind1="#" ind2="#">
      <subfield code="a"/>
    </datafield>
    <datafield tag="300" ind1="#" ind2="#">
      <subfield code="a">600 halaman</subfield>
      <subfield code="b">ilus</subfield>
      <subfield code="c">23,5 cm</subfield>
      <subfield code="e"/>
    </datafield>
    <datafield tag="260" ind1="#" ind2="#">
      <subfield code="a">New York</subfield>
      <subfield code="b">Human Sciences Press</subfield>
      <subfield code="c">1978</subfield>
    </datafield>
    <controlfield tag="001">$a INLIS000000000020822</controlfield>
    <datafield tag="245" ind1="#" ind2="#">
      <subfield code="a">a Handbook of Human Service Organizations</subfield>
      <subfield code="b"/>
      <subfield code="c">Harold W. Demone Jr., and Dwight Harsbarger</subfield>
    </datafield>
    <datafield tag="100" ind1=" " ind2="#">
      <subfield code="a">Demone Jr., Harold W.</subfield>
    </datafield>
    <datafield tag="084" ind1="#" ind2="#">
      <subfield code="a">361 Har ah</subfield>
    </datafield>
    <datafield tag="082" ind1="#" ind2="#">
      <subfield code="a">361</subfield>
    </datafield>
    <datafield tag="035" ind1="#" ind2="#">
      <subfield code="a">0010-1225000001</subfield>
    </datafield>
    <datafield tag="022" ind1="#" ind2="#">
      <subfield code="a">0 87705 120 8</subfield>
    </datafield>
    <controlfield tag="008">$a 251202################g##########0#eng##</controlfield>
    <controlfield tag="005">$a 20251202144202</controlfield>
  </record>
</collection>
